<?xml version="1.0" encoding="UTF-8"?><?xml-stylesheet type="text/xsl" href="static/style.xsl"?><OAI-PMH xmlns="http://www.openarchives.org/OAI/2.0/" xmlns:xsi="http://www.w3.org/2001/XMLSchema-instance" xsi:schemaLocation="http://www.openarchives.org/OAI/2.0/ http://www.openarchives.org/OAI/2.0/OAI-PMH.xsd"><responseDate>2026-06-30T02:04:20Z</responseDate><request verb="GetRecord" identifier="oai:riubu.ubu.es:10259/11601" metadataPrefix="marc">https://riubu.ubu.es/oai/request</request><GetRecord><record><header><identifier>oai:riubu.ubu.es:10259/11601</identifier><datestamp>2026-05-15T08:07:10Z</datestamp><setSpec>com_10259_5841</setSpec><setSpec>com_10259_5086</setSpec><setSpec>com_10259_2604</setSpec><setSpec>com_10259_11599</setSpec><setSpec>col_10259_5842</setSpec><setSpec>col_10259_11600</setSpec></header><metadata><record xmlns="http://www.loc.gov/MARC21/slim" xmlns:doc="http://www.lyncode.com/xoai" xmlns:xsi="http://www.w3.org/2001/XMLSchema-instance" xmlns:dcterms="http://purl.org/dc/terms/" xsi:schemaLocation="http://www.loc.gov/MARC21/slim http://www.loc.gov/standards/marcxml/schema/MARC21slim.xsd">
<leader>00925njm 22002777a 4500</leader>
<datafield tag="042" ind1=" " ind2=" ">
<subfield code="a">dc</subfield>
</datafield>
<datafield tag="720" ind1=" " ind2=" ">
<subfield code="a">Gallego Ausín, Noelia</subfield>
<subfield code="e">author</subfield>
</datafield>
<datafield tag="720" ind1=" " ind2=" ">
<subfield code="a">Escolar Llamazares, María del Camino</subfield>
<subfield code="e">author</subfield>
</datafield>
<datafield tag="720" ind1=" " ind2=" ">
<subfield code="a">Corral Puente, Sandra</subfield>
<subfield code="e">author</subfield>
</datafield>
<datafield tag="720" ind1=" " ind2=" ">
<subfield code="a">González Alonso, María Yolanda</subfield>
<subfield code="e">author</subfield>
</datafield>
<datafield tag="720" ind1=" " ind2=" ">
<subfield code="a">Serrano Gómez, Diego</subfield>
<subfield code="e">author</subfield>
</datafield>
<datafield tag="720" ind1=" " ind2=" ">
<subfield code="a">Ortiz-González, Andrea-Liliana</subfield>
<subfield code="e">author</subfield>
</datafield>
<datafield tag="720" ind1=" " ind2=" ">
<subfield code="a">Serrano Pintado, Isabel</subfield>
<subfield code="e">author</subfield>
</datafield>
<datafield tag="720" ind1=" " ind2=" ">
<subfield code="a">Martínez Martín, María Ángeles</subfield>
<subfield code="e">author</subfield>
</datafield>
<datafield tag="260" ind1=" " ind2=" ">
<subfield code="c">2025-06</subfield>
</datafield>
<datafield tag="520" ind1=" " ind2=" ">
<subfield code="a">The coronavirus disease (COVID-19) pandemic has significantly affected mental health worldwide, highlighting the need for reliable tools to assess emotional impact (cognitive-psysiological repercusiones) and coping strategies. To validate the psychometric properties of an evaluation instrument with an ad hoc design, called the Evaluation Inventory of Cognitive-Physiological Repercussions and Coping Strategies in a Pandemic Situation (EICPCP), which has two scales: “Cognitive and Physiological repercussions arising from the pandemic due to COVID-19” (RCFPC19-13) and “Coping strategies during the pandemic due to COVID-19” (EAPC19-15). A total of 1,629 participants (students, teachers, and healthcare professionals) from Spain and Colombia completed the instrument. Exploratory and confirmatory factor analyses were conducted to assess their structure and reliability. Both exploratory and confirmatory factor analyses supported the five proposed dimensions: cognitive and physiological impacts on the RCFPC19-13 scale, and adaptation, support, and organization on the EAPC19-15 scale. In addition, satisfactory internal consistency, reliability indices, and temporal stability were obtained for both scales. The EICPCP is a valid and reliable tool for evaluating the cognitive-physiological impact of the pandemic and coping strategies employed. This instrument provides valuable insights for clinical research and psychological interventions in pandemic-related mental-health studies..</subfield>
</datafield>
<datafield tag="024" ind2=" " ind1="8">
<subfield code="a">1065-3058</subfield>
</datafield>
<datafield tag="024" ind2=" " ind1="8">
<subfield code="a">https://hdl.handle.net/10259/11601</subfield>
</datafield>
<datafield tag="024" ind2=" " ind1="8">
<subfield code="a">10.1007/s10728-025-00528-z</subfield>
</datafield>
<datafield tag="024" ind2=" " ind1="8">
<subfield code="a">1573-3394</subfield>
</datafield>
<datafield ind1=" " ind2=" " tag="653">
<subfield code="a">COVID-19</subfield>
</datafield>
<datafield ind1=" " ind2=" " tag="653">
<subfield code="a">Anxiety</subfield>
</datafield>
<datafield ind1=" " ind2=" " tag="653">
<subfield code="a">Stress</subfield>
</datafield>
<datafield ind1=" " ind2=" " tag="653">
<subfield code="a">Coping</subfield>
</datafield>
<datafield ind1=" " ind2=" " tag="653">
<subfield code="a">Health personnel</subfield>
</datafield>
<datafield ind1=" " ind2=" " tag="653">
<subfield code="a">University students</subfield>
</datafield>
<datafield ind1=" " ind2=" " tag="653">
<subfield code="a">Professors</subfield>
</datafield>
<datafield tag="245" ind1="0" ind2="0">
<subfield code="a">Design and Validation of an Instrument to Evaluate Cognitive-Physiological Repercussions and Coping Strategies in a Pandemic Situation</subfield>
</datafield>
</record></metadata></record></GetRecord></OAI-PMH>